000 00721nam a2200229 a 4500
001 BRCA_3509
005 20190320204319.0
008 250709s1939----mx-a---###---#000-0#spa-#
041 _aspa
044 _amx
050 4 _aNA753
_b.E35 1939
245 1 0 _aEdificios coloniales artísticos e históricos de la República mexicana que han sido declarados monumentos.
260 _aMéxico
_bINAH. Dirección de Monumentos Coloniales
_c1939
300 _aviii, 259 p.
_bil.
_c18 cm.
500 _aB94.
650 1 4 _aArquitectura colonial.
_97560
650 1 4 _aArquitectura
_xHistoria.
_91467
650 1 4 _aArquitectura
_zMéxico.
_9596
650 1 4 _aArquitectura religiosa
_zMéxico.
_924
902 _aGFM
942 _2lcc
_cB
999 _c3244
_d3244